| 000 | 00794nam a22001577a 4500 | ||
|---|---|---|---|
| 003 | OSt | ||
| 005 | 20150920143428.0 | ||
| 008 | 150920b xxu||||| |||| 00| 0 eng d | ||
| 040 | _cRUA | ||
| 082 | _aAGR KOH 2009 B041 Or.1 | ||
| 100 |
_9941 _aKOH, VICHEY. |
||
| 245 | _astudy on technique of ecological system of rice in tensification at thlokvean commune, kompongchhnang province (សិក្សាលើបច្ចេកទេសនៃប្រព័ន្ធប្រពលវប្បកម្មដំណាំស្រូវតាមគោលការណ៍ធម្មជាតិ របស់កសិករនៅឃុំធ្លកវៀន ខេត្តកំពង់ឆ្នាំង) | ||
| 260 |
_aPhnom Penh _bRUA _c2009 |
||
| 300 |
_axii, 60p. _bill. _c29cm. |
||
| 942 |
_2ddc _cAGR |
||
| 999 |
_c905 _d905 |
||